[Event "TUR Cup"]
[Site "Denizli"]
[Date "2023.07.21"]
[Round "8"]
[White "Gursu, Ahmet Burak"]
[Black "Ulas, Soner Ilhan"]
[Result "1-0"]
[WhiteElo "1653"]
[BlackElo "1811"]
[PlyCount "79"]
[EventDate "2023.07.16"]
[EventType "team-tourn"]
[EventRounds "9"]
[EventCountry "TUR"]
[SourceTitle "CBM 215 Extra"]
[Source "ChessBase"]
[SourceDate "2023.09.30"]
[SourceVersion "1"]
[SourceVersionDate "2023.09.30"]
[SourceQuality "1"]

1. d4 Nf6 2. e3 e6 3. Bd3 c5 4. c3 d5 5. Nd2 Nc6 6. f4 h5 7. Ngf3 Be7 8. Qe2 h4 9. Ne5 a6 10. a3 c4 11. Bc2 Bd7 12. 0-0 Qc7 13. a4 Rg8 14. e4 0-0-0 15. Nxf7 Rdf8 16. Ng5 g6 17. e5 Nh5 18. Qg4 Bxg5 19. fxg5 Rxf1+ 20. Kxf1 Ne7 21. Nf3 Rf8 22. Ke2 Nf5 23. Nxh4 Nxh4 24. Qxh4 Be8 25. a5 Qh7 26. Qh3 Qf7 27. Be3 Kb8 28. g4 Ng7 29. Rf1 Qe7 30. Rf6 Ka7 31. Qh7 b5 32. h4 b4 33. Bxg6 bxc3 34. bxc3 Bf7 35. Qxg7 Qa3 36. Rxf7+ Rxf7 37. Qxf7+ Ka8 38. Qe8+ Ka7 39. Qd7+ Ka8 40. Qc8+ 1-0

[Event "TUR-chT 2nd League"]
[Site "Konya"]
[Date "2019.07.23"]
[Round "3.9"]
[White "Circi, Fatih"]
[Black "Ulas, Soner Ilhan"]
[Result "1-0"]
[WhiteElo "1939"]
[BlackElo "1853"]
[PlyCount "115"]
[EventDate "2019.07.22"]
[EventType "team-swiss"]
[EventRounds "9"]
[EventCountry "TUR"]
[SourceTitle "CBM 191 Extra"]
[Source "ChessBase"]
[SourceDate "2019.09.30"]
[SourceVersion "1"]
[SourceVersionDate "2019.09.30"]
[SourceQuality "1"]
[WhiteTeam "Karaman Masterler"]
[BlackTeam "Calli Spor"]
[WhiteTeamCountry "TUR"]
[BlackTeamCountry "TUR"]

1. e4 c5 2. Nc3 d6 3. Nf3 e5 4. Bc4 Nc6 5. h3 Be7 6. d3 Nf6 7. Bg5 Be6 8. Bxf6 Bxf6 9. 0-0 0-0 10. Nd5 Bxd5 11. Bxd5 Ne7 12. Bb3 b5 13. a4 a6 14. Nh2 Ng6 15. g3 Qc8 16. Bd5 Rb8 17. axb5 Rxb5 18. Kg2 Kh8 19. Ng4 Be7 20. Ne3 Rb6 21. Bc4 Bd8 22. Ra2 Ne7 23. f4 exf4 24. Rxf4 f5 25. h4 Bc7 26. Nd5 Nxd5 27. Bxd5 fxe4 28. Rxf8+ Qxf8 29. dxe4 Bd8 30. Qf1 Bf6 31. b3 Qc8 32. Bc4 h6 33. Bxa6 Qa8 34. Qc4 Bd4 35. Qd5 Qf8 36. c3 Rxa6 37. Rxa6 Qf2+ 38. Kh3 Qf1+ 39. Kg4 Qe2+ 40. Kf5 Qxa6 41. cxd4 Qf1+ 42. Ke6 Qf6+ 43. Kd7 cxd4 44. b4 Qe5 45. b5 Qxd5 46. exd5 d3 47. b6 d2 48. b7 d1Q 49. b8Q+ Kh7 50. Qxd6 Qa4+ 51. Ke7 Qa7+ 52. Ke6 h5 53. Qe5 Kh6 54. Kf5 Kh7 55. Kg5 g6 56. d6 Qa4 57. Qe7+ Kg8 58. Kh6 1-0

[Event "Manavgat Turkey Cup"]
[Site "Manavgat"]
[Date "2015.02.01"]
[Round "3"]
[White "Ulas, Soner Ilhan"]
[Black "Atas, Remzi"]
[Result "1-0"]
[WhiteElo "1824"]
[BlackElo "1597"]
[PlyCount "69"]
[EventDate "2015.01.31"]
[EventType "swiss"]
[EventRounds "11"]
[EventCountry "TUR"]
[SourceTitle "CBM 164 Extra"]
[Source "ChessBase"]
[SourceDate "2015.03.02"]
[SourceVersion "1"]
[SourceVersionDate "2015.03.02"]
[SourceQuality "1"]

1. e4 d6 2. d4 Nf6 3. Nc3 g6 4. Bc4 Bg7 5. Qe2 Nc6 6. Nf3 Bg4 7. Be3 0-0 8. Rd1 Nxe4 9. Nxe4 d5 10. Bd3 dxe4 11. Bxe4 Qe8 12. h3 Bxf3 13. Qxf3 Rd8 14. c3 f5 15. Bxc6 bxc6 16. 0-0 e5 17. dxe5 Rxd1 18. Rxd1 Bxe5 19. Bxa7 Bd6 20. Bd4 c5 21. Bxc5 Bxc5 22. Qd5+ Qf7 23. Qxc5 Qxa2 24. b4 Rf7 25. Rd8+ Kg7 26. Qe5+ Kh6 27. Rd4 Qb3 28. Rh4+ Kg5 29. g3 Qd1+ 30. Kg2 Qd2 31. Rd4 Qa2 32. b5 Qa8+ 33. Kh2 Qf3 34. Rf4 Qd3 35. Rg4+ 1-0

[Event "TUR-chT2"]
[Site "Konya"]
[Date "2014.06.26"]
[Round "5.7"]
[White "Ulas, Soner Ilhan"]
[Black "Guler, Eren Can"]
[Result "1-0"]
[WhiteElo "1841"]
[BlackElo "1530"]
[PlyCount "95"]
[EventDate "2014.06.23"]
[EventType "team-swiss"]
[EventRounds "9"]
[EventCountry "TUR"]
[SourceTitle "CBM 161 Extra"]
[Source "ChessBase"]
[SourceDate "2014.08.29"]
[SourceVersion "1"]
[SourceVersionDate "2014.08.29"]
[SourceQuality "1"]
[WhiteTeam "Alapli"]
[BlackTeam "Tasduvar"]
[WhiteTeamCountry "TUR"]
[BlackTeamCountry "TUR"]

1. e4 d5 2. exd5 Qxd5 3. Nc3 Qa5 4. d4 Nf6 5. Nf3 Bg4 6. h3 Bxf3 7. Qxf3 c6 8. Bd2 Nbd7 9. Bc4 e6 10. 0-0 Qb6 11. Qf4 Nd5 12. Nxd5 cxd5 13. Bb3 Be7 14. Ba4 Qd6 15. Qf3 0-0 16. Bf4 e5 17. Bg3 f6 18. c4 dxc4 19. Qxb7 Nb6 20. dxe5 fxe5 21. Bc2 Bf6 22. Rad1 Qb4 23. Qe4 g6 24. b3 Rad8 25. h4 Rd4 26. Rxd4 exd4 27. Qe6+ Kg7 28. Bd6 Re8 29. Qxe8 Qxd6 30. bxc4 Nxc4 31. h5 d3 32. Bb3 d2 33. hxg6 hxg6 34. Qa4 Nb2 35. Qxa7+ Kh6 36. Qe3+ Bg5 37. Qh3+ Kg7 38. Qf3 Bf6 39. a4 Nd3 40. Qb7+ Kh6 41. Qe4 Nc1 42. Bc2 Bg5 43. g3 Qa6 44. Kg2 Qf6 45. Rh1+ Kg7 46. Qb7+ Kg8 47. Qc8+ Qd8 48. Qe6+ 1-0

[Event "TUR-chT2"]
[Site "Konya"]
[Date "2014.06.24"]
[Round "2.4"]
[White "Ozoglu, Berker"]
[Black "Ulas, Soner Ilhan"]
[Result "1-0"]
[WhiteElo "1979"]
[BlackElo "1841"]
[PlyCount "53"]
[EventDate "2014.06.23"]
[EventType "team-swiss"]
[EventRounds "9"]
[EventCountry "TUR"]
[SourceTitle "CBM 161 Extra"]
[Source "ChessBase"]
[SourceDate "2014.08.29"]
[SourceVersion "1"]
[SourceVersionDate "2014.08.29"]
[SourceQuality "1"]
[WhiteTeam "Gokce"]
[BlackTeam "Alapli"]
[WhiteTeamCountry "TUR"]
[BlackTeamCountry "TUR"]

1. Nf3 Nf6 2. c4 Nc6 3. d4 e6 4. a3 g6 5. Nc3 Bg7 6. e4 d6 7. Bg5 h6 8. Bh4 Qd7 9. Be2 0-0 10. Qd2 Na5 11. Bxf6 Bxf6 12. Qxh6 c5 13. dxc5 Nb3 14. Rd1 Nxc5 15. e5 Bg7 16. Qe3 b6 17. Rxd6 Qe7 18. 0-0 Bb7 19. b4 Nd7 20. Rfd1 Rad8 21. Qg5 Rfe8 22. Nb5 Bxf3 23. Qxe7 Rxe7 24. Bxf3 Bxe5 25. R6d3 a6 26. Na7 Nf8 27. Nc6 1-0

[Event "TUR-chT2"]
[Site "Konya"]
[Date "2014.06.23"]
[Round "1.7"]
[White "Ulas, Soner Ilhan"]
[Black "Alaca, Ali"]
[Result "0-1"]
[WhiteElo "1841"]
[BlackElo "1959"]
[PlyCount "55"]
[EventDate "2014.06.23"]
[EventType "team-swiss"]
[EventRounds "9"]
[EventCountry "TUR"]
[SourceTitle "CBM 161 Extra"]
[Source "ChessBase"]
[SourceDate "2014.08.29"]
[SourceVersion "1"]
[SourceVersionDate "2014.08.29"]
[SourceQuality "1"]
[WhiteTeam "Alapli"]
[BlackTeam "Ataturk Univ"]
[WhiteTeamCountry "TUR"]
[BlackTeamCountry "TUR"]

1. e4 c5 2. d3 Nc6 3. g3 Nf6 4. Bg2 d5 5. Nd2 e5 6. Ngf3 dxe4 7. dxe4 Be7 8. 0-0 0-0 9. c3 Qc7 10. Qe2 h6 11. Rd1 Be6 12. Nf1 Rfd8 13. Nh4 Rxd1 14. Qxd1 Rd8 15. Qe2 Bg4 16. f3 Be6 17. Ne3 Qd7 18. Bf1 Nh5 19. f4 exf4 20. Qxh5 fxe3 21. Nf5 Bxf5 22. exf5 Qd1 23. Qe2 Bf6 24. Kg2 a5 25. a4 Ne5 26. h4 Qd5+ 27. Kh2 Nf3+ 28. Kh3 0-1

[Event "Kemer Turkey Cup"]
[Site "Kemer"]
[Date "2014.02.08"]
[Round "9"]
[White "Ulas, Soner Ilhan"]
[Black "Yakar, Ozan Tuna"]
[Result "1/2-1/2"]
[WhiteElo "1828"]
[BlackElo "1576"]
[PlyCount "193"]
[EventDate "2014.02.01"]
[EventType "swiss"]
[EventRounds "9"]
[EventCountry "TUR"]
[SourceTitle "CBM 158 Extra"]
[Source "ChessBase"]
[SourceDate "2014.02.28"]
[SourceVersion "1"]
[SourceVersionDate "2014.02.28"]
[SourceQuality "1"]

1. e4 e5 2. Nf3 Nc6 3. Bc4 Bc5 4. c3 Nf6 5. d4 exd4 6. cxd4 Bb4+ 7. Nc3 Nxe4 8. 0-0 Bxc3 9. bxc3 d5 10. Re1 0-0 11. Bd3 Re8 12. Ng5 Nxg5 13. Rxe8+ Qxe8 14. Bxg5 f6 15. Bf4 Qf7 16. Rb1 Na5 17. Qa4 g5 18. Qxa5 gxf4 19. Re1 b6 20. Qa3 Be6 21. Qc1 f3 22. Re3 fxg2 23. Rg3+ Kh8 24. Qh6 f5 25. Qf4 Qf6 26. Qxc7 Bg8 27. Bxf5 Rf8 28. Rf3 Qg5 29. Qe5+ Qf6 30. Qxf6+ Rxf6 31. Bg4 Rg6 32. Rg3 Be6 33. Bxe6 Rxe6 34. Re3 Rg6 35. Re5 Rc6 36. Rxd5 a5 37. Rb5 Rxc3 38. Rxb6 Ra3 39. Rb2 Rd3 40. Rb5 Ra3 41. Kxg2 Rxa2 42. Kf3 Kg7 43. h4 Ra3+ 44. Kf4 Rh3 45. Kg4 Rd3 46. d5 a4 47. Ra5 a3 48. f4 a2 49. Rxa2 Rxd5 50. h5 Rd1 51. Ra7+ Kh6 52. Ra6+ Kg7 53. h6+ Kf7 54. Kg5 Rg1+ 55. Kf5 Rh1 56. Ra7+ Kg8 57. Kg5 Rg1+ 58. Kh5 Rh1+ 59. Kg5 Rg1+ 60. Kf5 Rg6 61. Ra8+ Kf7 62. Ra7+ Kg8 63. Ra8+ Kf7 64. Ke5 Re6+ 65. Kf5 Rxh6 66. Ra7+ Kg8 67. Ke5 Rb6 68. f5 h5 69. Kf4 h4 70. Kg5 h3 71. Ra8+ Kg7 72. Ra7+ Kg8 73. Ra2 Rb1 74. Rh2 Rg1+ 75. Kf6 Rg3 76. Ke7 Re3+ 77. Kf6 Rg3 78. Rh1 Rf3 79. Kg5 Kf7 80. Kg4 Ra3 81. Rxh3 Rxh3 82. Kxh3 Kf6 83. Kg4 Kg7 84. Kg5 Kf7 85. f6 Kf8 86. Kf5 Kf7 87. Ke5 Kf8 88. Kd6 Kf7 89. Ke5 Kf8 90. Kf4 Kf7 91. Kg5 Kf8 92. Kh6 Kf7 93. Kg5 Kf8 94. Kg6 Kg8 95. Kf5 Kf7 96. Ke5 Ke8 97. Ke4 1/2-1/2

[Event "Kemer Turkey Cup"]
[Site "Kemer"]
[Date "2014.02.05"]
[Round "6"]
[White "Unver, Cumali"]
[Black "Ulas, Soner Ilhan"]
[Result "1-0"]
[WhiteElo "2013"]
[BlackElo "1828"]
[PlyCount "75"]
[EventDate "2014.02.01"]
[EventType "swiss"]
[EventRounds "9"]
[EventCountry "TUR"]
[SourceTitle "CBM 158 Extra"]
[Source "ChessBase"]
[SourceDate "2014.02.28"]
[SourceVersion "1"]
[SourceVersionDate "2014.02.28"]
[SourceQuality "1"]

1. e4 c5 2. Nf3 e6 3. d3 Nc6 4. g3 d6 5. Bg2 g6 6. 0-0 Bg7 7. c3 Nge7 8. Bf4 0-0 9. Qd2 Qc7 10. Na3 a6 11. Bh6 d5 12. Bxg7 Kxg7 13. Rfe1 Bd7 14. e5 f6 15. exf6+ Rxf6 16. Re2 Raf8 17. Nh4 Nf5 18. Nxf5+ Rxf5 19. Nc2 Qd6 20. Ne3 Rh5 21. f4 e5 22. Nxd5 Bg4 23. Rf2 exf4 24. Rxf4 Bh3 25. Rxf8 Qxf8 26. Rf1 Qc8 27. Nf4 Ne5 28. Nxh5+ gxh5 29. Qg5+ Ng6 30. Qf6+ Kh6 31. Bxh3 Qxh3 32. Qf5 Qg4 33. Qxg4 hxg4 34. Rf5 b6 35. Rf6 Kg5 36. Rxb6 Ne5 37. Rd6 Nf3+ 38. Kf2 1-0

[Event "Kemer Turkey Cup"]
[Site "Kemer"]
[Date "2014.02.02"]
[Round "3"]
[White "Ulas, Soner Ilhan"]
[Black "Hasman, Cengiz"]
[Result "1/2-1/2"]
[WhiteElo "1828"]
[BlackElo "2133"]
[PlyCount "47"]
[EventDate "2014.02.01"]
[EventType "swiss"]
[EventRounds "9"]
[EventCountry "TUR"]
[SourceTitle "CBM 158 Extra"]
[Source "ChessBase"]
[SourceDate "2014.02.28"]
[SourceVersion "1"]
[SourceVersionDate "2014.02.28"]
[SourceQuality "1"]

1. e4 g6 2. d4 Bg7 3. Nf3 c6 4. Nc3 d6 5. h3 Nf6 6. a4 0-0 7. Be3 Nbd7 8. Be2 Qc7 9. Nd2 e5 10. dxe5 Nxe5 11. f4 Ned7 12. 0-0 Re8 13. Bf3 Nxe4 14. Ndxe4 d5 15. Bd4 dxe4 16. Bxe4 f5 17. Bxg7 Kxg7 18. Qd4+ Nf6 19. Bf3 Be6 20. Rad1 Red8 21. Qe3 Qb6 22. Qxb6 axb6 23. b3 Kf7 24. Kf2 1/2-1/2

[Event "Istanbul op-A 12th"]
[Site "Istanbul"]
[Date "2013.10.17"]
[Round "8"]
[White "Ulas, Soner Ilhan"]
[Black "Ergonen, Arda"]
[Result "1/2-1/2"]
[WhiteElo "1801"]
[BlackElo "2034"]
[PlyCount "108"]
[EventDate "2013.10.12"]
[EventType "swiss"]
[EventRounds "9"]
[EventCountry "TUR"]
[SourceTitle "EXT 2014"]
[Source "ChessBase"]
[SourceDate "2013.11.20"]
[SourceVersion "1"]
[SourceVersionDate "2013.11.20"]
[SourceQuality "1"]

1. d4 Nf6 2. c4 c5 3. d5 e6 4. f3 exd5 5. cxd5 d6 6. e4 g6 7. Ne2 Bg7 8. Nec3 0-0 9. Be2 Na6 10. Be3 Nc7 11. a4 Rb8 12. Na3 b6 13. Qd2 a6 14. Rb1 Nd7 15. 0-0 f5 16. Nc4 Ne5 17. Kh1 Nxc4 18. Bxc4 b5 19. Be2 b4 20. Na2 Qe8 21. Bf4 Be5 22. Bh6 Rf7 23. Nc1 fxe4 24. fxe4 Rxf1+ 25. Bxf1 Bg7 26. Bxg7 Kxg7 27. Qf4 Qf8 28. g3 Bd7 29. b3 Qxf4 30. gxf4 Bg4 31. Be2 Bxe2 32. Nxe2 Re8 33. Ng3 Re7 34. Kg2 a5 35. Kf3 Ne8 36. Rd1 Rc7 37. Rc1 Nf6 38. h4 Nd7 39. Nf1 h6 40. Ne3 Nb6 41. Nc4 Nxc4 42. Rxc4 Kf6 43. Kg4 Rc8 44. Kf3 g5 45. hxg5+ hxg5 46. Rc1 gxf4 47. Kxf4 Rh8 48. Rf1 Ke7 49. Rg1 Rh4+ 50. Kf5 Rh7 51. Rg8 Rf7+ 52. Kg4 Rf1 53. Ra8 Rb1 54. Kf5 Rf1+ 1/2-1/2

[Event "TUR-ch"]
[Site "Antalya"]
[Date "2013.02.07"]
[Round "8"]
[White "Deviren, Erdi"]
[Black "Ulas, Soner Ilhan"]
[Result "1-0"]
[WhiteElo "1956"]
[BlackElo "1799"]
[PlyCount "135"]
[EventDate "2013.02.02"]
[EventType "swiss"]
[EventRounds "11"]
[EventCountry "TUR"]
[SourceTitle "CBM 152 Extra"]
[Source "ChessBase"]
[SourceDate "2013.02.25"]
[SourceVersion "1"]
[SourceVersionDate "2013.02.25"]
[SourceQuality "1"]

1. e4 c5 2. Nf3 e6 3. c3 Nf6 4. e5 Nd5 5. d4 cxd4 6. cxd4 Nc6 7. Nc3 Nxc3 8. bxc3 d6 9. exd6 Bxd6 10. Bd3 Qa5 11. 0-0 Qh5 12. Qe2 0-0 13. h3 e5 14. d5 Ne7 15. Rd1 f5 16. Nd4 Qxe2 17. Nxe2 Bd7 18. a4 Rac8 19. Bc2 f4 20. Ba3 Bxa3 21. Rxa3 f3 22. Ng3 Rf4 23. a5 g6 24. Re1 fxg2 25. Rxe5 Kf7 26. Kxg2 Kf6 27. Re4 Nxd5 28. Ne2 Rxe4 29. Bxe4 Bc6 30. Kg3 Ke5 31. Bf3 Kd6 32. Nd4 Re8 33. a6 Re5 34. axb7 Bxb7 35. Rxa7 Bc8 36. c4 Nc7 37. Nb5+ Nxb5 38. cxb5 Rxb5 39. Rxh7 Ke5 40. Rc7 Bf5 41. Bg4 Rb3+ 42. f3 Ra3 43. Rc6 Rb3 44. Ra6 Rc3 45. Ra5+ Kf6 46. Ra4 Rb3 47. Kf4 Rb6 48. h4 Bc2 49. Rc4 Bd3 50. Rc8 Rb4+ 51. Kg3 Rb6 52. Rh8 Kg7 53. Rd8 Bb1 54. Rd5 Rb7 55. Kf4 Re7 56. Kg5 Ba2 57. Ra5 Bc4 58. Rc5 Ba2 59. f4 Bb1 60. h5 gxh5 61. Bxh5 Ba2 62. f5 Rd7 63. f6+ Kh7 64. Bg6+ Kh8 65. Rc8+ Bg8 66. f7 Rd5+ 67. Bf5 Rd8 68. Rxd8 1-0

[Event "TUR-ch"]
[Site "Antalya"]
[Date "2013.02.03"]
[Round "2"]
[White "Metin, Oguz"]
[Black "Ulas, Soner Ilhan"]
[Result "1-0"]
[WhiteElo "2021"]
[BlackElo "1799"]
[PlyCount "159"]
[EventDate "2013.02.02"]
[EventType "swiss"]
[EventRounds "11"]
[EventCountry "TUR"]
[SourceTitle "CBM 152 Extra"]
[Source "ChessBase"]
[SourceDate "2013.02.25"]
[SourceVersion "1"]
[SourceVersionDate "2013.02.25"]
[SourceQuality "1"]

1. d4 Nf6 2. c4 g6 3. g3 Bg7 4. Bg2 d6 5. Nf3 0-0 6. 0-0 c6 7. Nc3 Qa5 8. e4 Bg4 9. h3 Bxf3 10. Bxf3 Nfd7 11. Be3 Na6 12. a3 e5 13. b4 Qd8 14. Bg2 Nc7 15. Rc1 exd4 16. Bxd4 Ne5 17. f4 Nd7 18. Bxg7 Kxg7 19. Qxd6 Nb6 20. Qxd8 Rfxd8 21. c5 Nc4 22. Nb1 Rd4 23. Bf3 Nd2 24. Nxd2 Rxd2 25. Rfd1 Rad8 26. Kf1 Nb5 27. a4 Nc7 28. Ke1 R2d4 29. e5 Ne6 30. Bg4 Nc7 31. Ke2 h5 32. Bf3 Ne6 33. b5 Rxa4 34. Rxd8 Nxd8 35. bxc6 bxc6 36. Kd3 h4 37. gxh4 Rxf4 38. Bg4 Rb4 39. Ra1 Rb7 40. Ra6 Kf8 41. Kc4 Ke7 42. Kd4 Rc7 43. Bf3 Ke6 44. h5 gxh5 45. Bxh5 f6 46. Bg4+ Ke7 47. Ra1 Ne6+ 48. Bxe6 Kxe6 49. exf6 Kxf6 50. Ra6 Ke6 51. Ke4 Kf6 52. h4 Re7+ 53. Kf4 Rc7 54. h5 Ke6 55. Ke4 Kf6 56. h6 Re7+ 57. Kf4 Rc7 58. h7 Kg7 59. Ke5 Kxh7 60. Kd6 Rf7 61. Kxc6 Kg6 62. Kd5+ Kf5 63. c6 Rh7 64. Ra1 Kf6 65. Kd6 Rh2 66. Rxa7 Rd2+ 67. Kc7 Ke6 68. Ra8 Ke7 69. Ra3 Re2 70. Rd3 Re1 71. Rd5 Re2 72. Rb5 Re1 73. Kb7 Kd6 74. Rb2 Re7+ 75. Kb6 Re6 76. Rd2+ Ke7 77. Rd7+ Ke8 78. Rh7 Kd8 79. Kb7 Ke8 80. c7 1-0

[Event "TUR-ch"]
[Site "Kemer"]
[Date "2011.02.06"]
[Round "2"]
[White "Demir, Zeki"]
[Black "Ulas, Soner Ilhan"]
[Result "1-0"]
[WhiteElo "1942"]
[BlackElo "1845"]
[PlyCount "87"]
[EventDate "2011.02.05"]
[EventType "swiss"]
[EventRounds "10"]
[EventCountry "TUR"]
[SourceTitle "CBM 140 Extra"]
[Source "ChessBase"]
[SourceDate "2011.03.01"]
[SourceVersion "1"]
[SourceVersionDate "2011.03.01"]
[SourceQuality "1"]

1. d4 Nf6 2. c4 g6 3. Nc3 Bg7 4. e4 d6 5. f4 0-0 6. Nf3 c5 7. d5 e6 8. Be2 exd5 9. cxd5 Re8 10. Nd2 a6 11. a4 Nbd7 12. 0-0 Rb8 13. Re1 h6 14. Qc2 Qc7 15. h3 Nb6 16. a5 Na8 17. Ra3 b5 18. axb6 Nxb6 19. Nf3 Ra8 20. Bd2 Bb7 21. Bf1 Nh5 22. Kh2 Bd4 23. g4 Ng7 24. Na4 Nxa4 25. Nxd4 Qe7 26. Nf3 Nb6 27. Rb3 Nc8 28. Rbe3 Na7 29. Bc4 Qf6 30. Kg3 Nb5 31. e5 Qd8 32. Qd3 Rb8 33. b3 Kh7 34. e6 fxe6 35. Nh4 Qf6 36. Bxb5 axb5 37. Bc3 e5 38. fxe5 Qg5 39. exd6 Rf8 40. Be5 Nf5+ 41. Nxf5 gxf5 42. Bf4 Qg6 43. Re7+ Rf7 44. Rxf7+ 1-0